000 00892nam a2200265 i 4500
003 EG-GICUC
005 20260121101218.0
008 251113s1977 ua ||||fr|||| 00| 0 ara d
040 _a EG-GICUC
_bara
_c EG-GICUC
_d EG-GICUC
_erda
041 0 _aara
082 0 4 _221
_a345
_bم ح . م
092 0 4 _221
099 _aLaw1 07 345 م ح . م 1 ed - 1977
100 0 _aمحمود حلمي
_eمؤلف.
245 1 0 _aموجز مبادئ القانون الإداري /
_cالدكتور محمود حلمي.
264 3 _aالقاهرة :
_bدار الإتحاد العربي،
_c1977.
300 _a38 ؛صفحة
_c24 سم.
336 _2rda content
_atext
337 _2rda media
_aComputer
338 _2rda carrier
_aOnline Resource
650 1 4 _aالقانون الإداري
856 4 0 _uhttps://fll.law.cu.edu.eg/fulltext/bks/B07-00593.pdf
905 _a32
942 _2ddc
_cBK
_e21
_n0
999 _c43060
_d43060